000 00678cam a22002413a 4500
001 9179
003 PGUSA
005 20140828083208.0
008 051001s2005||||xxu|||||s|||||000 1 eng d
040 _aPGUSA
_beng
042 _adc
050 4 _aPS
100 1 _aAllen, James Lane,
_d1849-1925
245 1 4 _aThe Bride of the Mistletoe
_h[electronic resource] /
_cJames Lane Allen
260 _bProject Gutenberg,
_c2005
506 _aPublic domain in the USA.
516 _aElectronic text
653 _aMarried people -- Fiction
653 _aPsychological fiction
830 0 _aProject Gutenberg
_v9179
856 4 0 _uhttp://www.gutenberg.org/ebooks/9179
942 _cEB
999 _c238435
_d238435